Mala Umajalele Swatantryaveer Savarkar (Record no. 367893)

MARC details
000 -LEADER
fixed length control field 00485nam a2200181 4500
005 - DATE AND TIME OF LATEST TRANSACTION
control field 20251009111921.0
008 - FIXED-LENGTH DATA ELEMENTS--GENERAL INFORMATION
fixed length control field 250930b |||||||| |||| 00| 0 eng d
020 ## - INTERNATIONAL STANDARD BOOK NUMBER
International Standard Book Number 988194867418
041 ## - LANGUAGE CODE
Language code of text/sound track or separate title Marathi
082 ## - DEWEY DECIMAL CLASSIFICATION NUMBER
Classification number 891.46
Item number GOD
100 ## - MAIN ENTRY--PERSONAL NAME
Author Godbole Arvind Sadashiv
245 ## - TITLE STATEMENT
Title Mala Umajalele Swatantryaveer Savarkar
260 ## - PUBLICATION, DISTRIBUTION, ETC.
Place of publication, distribution, etc. PUne
Name of publisher, distributor, etc. Bharatiya Vichar Sadhana Pune Prakashan
Date of publication, distribution, etc. 2021
300 ## - PHYSICAL DESCRIPTION
Extent 168
365 ## - TRADE PRICE
Price amount 105.00
Currency code Rs.00
650 ## - SUBJECT ADDED ENTRY--TOPICAL TERM
Topical term or geographic name entry element General
942 ## - ADDED ENTRY ELEMENTS (KOHA)
Koha item type Books
Holdings
Withdrawn status Lost status Source of classification or shelving scheme Damaged status Not for loan Home library Current library Date acquired Vendor Net Price Total Checkouts Full call number Barcode Date last seen Discount Actual Price Koha item type
    Dewey Decimal Classification     School of Fashion Technology School of Fashion Technology 18/08/2025 Bhartiya Vichar Sadhana Foundation 105.00   891.46 GOD SOFT-BK-4549 30/09/2025 30% 150.00 Books